000 00687nam a22002291 4500
001 000012217
003 OSt
005 20241010113235.0
008 710321s1968 onca b 000 0 eng
040 _aDO-SdBNP
_bspa
_cBNPHU
082 _a371.3028
_bS993, 1968
245 1 2 _aA synthesis of teaching methods /
_c[by] C. Morton Shipley [et al.].
250 _a2d ed.
260 _aToronto,
_aNew York [etc.] :
_bMcGraw-Hill,
_c[c1968].
300 _aix, 344 p. :
_billus. ;
_c24 cm.
504 _aIncludes bibliographies.
590 _aInventariado, 2020 / DG
650 4 _aMetódos de enseñanza
_92196
650 0 _aPedagogía
_9693
910 _aEn catalogaciòn
942 _2ddc
_cLF1
999 _c11881
_d11881